000 00820nam a2200253Ia 4500
003 OSt
005 20220927110627.0
006 a|||||r|||| 00| 0
007 ta
008 220926b |||||||| |||| 00| 0 eng d
024 _a85261
037 _cReports
040 _aRTL
_cRTL
_beng
041 _2eng
_aeng
082 _a"X 9:85.2.n66t, L1/GD"
110 _aGovt of India. Technical consultancy Services (Committee on--) (1966) Chairman S G Barve
_9379504
245 0 _aReport.
260 _aDelhi
_bManager of Publication India
_c1971
300 _a126p.
_ccm.
650 _aManagement
700 _aGovt of India. Technical consultancy Services (Committee on--) (1966) Chairman S G Barve
_9379505
942 _h"X 9:85.2.n66t, L1/GD"
_cCC
999 _c697466
_d697466